<?xml version="1.0" encoding="UTF-8"?>
<collection xmlns="http://www.loc.gov/MARC21/slim">
 <record>
  <leader>04105cam a2200865   4500</leader>
  <controlfield tag="001">1045956155</controlfield>
  <controlfield tag="003">DE-627</controlfield>
  <controlfield tag="005">20240816194200.0</controlfield>
  <controlfield tag="007">tu</controlfield>
  <controlfield tag="008">190109s2019    gw |||||      00| ||ger c</controlfield>
  <datafield tag="015" ind1=" " ind2=" ">
   <subfield code="a">19,N01</subfield>
   <subfield code="2">dnb</subfield>
  </datafield>
  <datafield tag="016" ind1="7" ind2=" ">
   <subfield code="a">1173813926</subfield>
   <subfield code="2">DE-101</subfield>
  </datafield>
  <datafield tag="020" ind1=" " ind2=" ">
   <subfield code="a">3871572519</subfield>
   <subfield code="c">Festeinband : EUR 99.00 (DE), EUR 101.80 (AT)</subfield>
   <subfield code="9">3-87157-251-9</subfield>
  </datafield>
  <datafield tag="020" ind1=" " ind2=" ">
   <subfield code="a">9783871572517</subfield>
   <subfield code="c">Festeinband : EUR 99.00 (DE), EUR 101.80 (AT)</subfield>
   <subfield code="9">978-3-87157-251-7</subfield>
  </datafield>
  <datafield tag="024" ind1="3" ind2=" ">
   <subfield code="a">9783871572517</subfield>
  </datafield>
  <datafield tag="028" ind1="5" ind2="2">
   <subfield code="a">310251</subfield>
  </datafield>
  <datafield tag="035" ind1=" " ind2=" ">
   <subfield code="a">(DE-627)1045956155</subfield>
  </datafield>
  <datafield tag="035" ind1=" " ind2=" ">
   <subfield code="a">(DE-599)DNB1173813926</subfield>
  </datafield>
  <datafield tag="035" ind1=" " ind2=" ">
   <subfield code="a">(OCoLC)1100583093</subfield>
  </datafield>
  <datafield tag="040" ind1=" " ind2=" ">
   <subfield code="a">DE-627</subfield>
   <subfield code="b">ger</subfield>
   <subfield code="c">DE-627</subfield>
   <subfield code="e">rda</subfield>
  </datafield>
  <datafield tag="041" ind1=" " ind2=" ">
   <subfield code="a">ger</subfield>
  </datafield>
  <datafield tag="044" ind1=" " ind2=" ">
   <subfield code="c">XA-DE-BE</subfield>
  </datafield>
  <datafield tag="082" ind1="0" ind2=" ">
   <subfield code="a">730.92</subfield>
   <subfield code="q">DE-101</subfield>
  </datafield>
  <datafield tag="082" ind1="0" ind2="4">
   <subfield code="a">730</subfield>
   <subfield code="a">720</subfield>
   <subfield code="q">DE-101</subfield>
  </datafield>
  <datafield tag="084" ind1=" " ind2=" ">
   <subfield code="a">KUNST</subfield>
   <subfield code="q">DE-16</subfield>
   <subfield code="2">fid</subfield>
  </datafield>
  <datafield tag="084" ind1=" " ind2=" ">
   <subfield code="a">LK 47092</subfield>
   <subfield code="2">rvk</subfield>
   <subfield code="0">(DE-625)rvk/97910:13313</subfield>
  </datafield>
  <datafield tag="084" ind1=" " ind2=" ">
   <subfield code="a">21.52</subfield>
   <subfield code="2">bkl</subfield>
  </datafield>
  <datafield tag="084" ind1=" " ind2=" ">
   <subfield code="a">20.15</subfield>
   <subfield code="2">bkl</subfield>
  </datafield>
  <datafield tag="084" ind1=" " ind2=" ">
   <subfield code="a">21.87</subfield>
   <subfield code="2">bkl</subfield>
  </datafield>
  <datafield tag="084" ind1=" " ind2=" ">
   <subfield code="a">21.70</subfield>
   <subfield code="2">bkl</subfield>
  </datafield>
  <datafield tag="084" ind1=" " ind2=" ">
   <subfield code="a">21.75</subfield>
   <subfield code="2">bkl</subfield>
  </datafield>
  <datafield tag="100" ind1="1" ind2=" ">
   <subfield code="a">Richter, Jan Friedrich</subfield>
   <subfield code="d">1969-</subfield>
   <subfield code="e">VerfasserIn</subfield>
   <subfield code="0">(DE-588)133303497</subfield>
   <subfield code="0">(DE-627)540513024</subfield>
   <subfield code="0">(DE-576)271469048</subfield>
   <subfield code="4">aut</subfield>
  </datafield>
  <datafield tag="245" ind1="1" ind2="4">
   <subfield code="a">Das Triumphkreuz im Dom zu Lübeck</subfield>
   <subfield code="b">Dokumentation einer Restaurierung</subfield>
   <subfield code="c">Jan Friedrich Richter</subfield>
  </datafield>
  <datafield tag="264" ind1=" " ind2="1">
   <subfield code="a">Berlin</subfield>
   <subfield code="b">Deutscher Verlag für Kunstwissenschaft</subfield>
   <subfield code="c">2019</subfield>
  </datafield>
  <datafield tag="300" ind1=" " ind2=" ">
   <subfield code="a">248 Seiten</subfield>
   <subfield code="b">Illustrationen</subfield>
   <subfield code="c">31 cm</subfield>
  </datafield>
  <datafield tag="336" ind1=" " ind2=" ">
   <subfield code="a">Text</subfield>
   <subfield code="b">txt</subfield>
   <subfield code="2">rdacontent</subfield>
  </datafield>
  <datafield tag="336" ind1=" " ind2=" ">
   <subfield code="a">unbewegtes Bild</subfield>
   <subfield code="b">sti</subfield>
   <subfield code="2">rdacontent</subfield>
  </datafield>
  <datafield tag="337" ind1=" " ind2=" ">
   <subfield code="a">ohne Hilfsmittel zu benutzen</subfield>
   <subfield code="b">n</subfield>
   <subfield code="2">rdamedia</subfield>
  </datafield>
  <datafield tag="338" ind1=" " ind2=" ">
   <subfield code="a">Band</subfield>
   <subfield code="b">nc</subfield>
   <subfield code="2">rdacarrier</subfield>
  </datafield>
  <datafield tag="490" ind1="0" ind2=" ">
   <subfield code="a">Denkmäler deutscher Kunst</subfield>
  </datafield>
  <datafield tag="500" ind1=" " ind2=" ">
   <subfield code="a">Literaturverzeichnis: Seite 244-248</subfield>
  </datafield>
  <datafield tag="583" ind1="1" ind2=" ">
   <subfield code="a">Archivierung/Langzeitarchivierung gewährleistet</subfield>
   <subfield code="f">FID</subfield>
   <subfield code="x">XA-DE-BW</subfield>
   <subfield code="2">pdager</subfield>
   <subfield code="5">DE-16</subfield>
  </datafield>
  <datafield tag="650" ind1=" " ind2="4">
   <subfield code="a">Triumphkreuz</subfield>
  </datafield>
  <datafield tag="651" ind1=" " ind2="4">
   <subfield code="a">Dom Lübeck (Lübeck)</subfield>
  </datafield>
  <datafield tag="689" ind1="0" ind2="0">
   <subfield code="d">u</subfield>
   <subfield code="0">(DE-588)1208266837</subfield>
   <subfield code="0">(DE-627)1694504581</subfield>
   <subfield code="0">(DE-576)209051973</subfield>
   <subfield code="a">Notke, Bernt</subfield>
   <subfield code="d">1440-1509</subfield>
   <subfield code="t">Triumphkreuzgruppe</subfield>
   <subfield code="g">Dom Lübeck, Lübeck</subfield>
   <subfield code="2">gnd</subfield>
  </datafield>
  <datafield tag="689" ind1="0" ind2="1">
   <subfield code="d">s</subfield>
   <subfield code="0">(DE-588)4049600-4</subfield>
   <subfield code="0">(DE-627)106186442</subfield>
   <subfield code="0">(DE-576)209082674</subfield>
   <subfield code="a">Restaurierung</subfield>
   <subfield code="2">gnd</subfield>
  </datafield>
  <datafield tag="689" ind1="0" ind2="2">
   <subfield code="a">z</subfield>
   <subfield code="2">gnd</subfield>
   <subfield code="a">Geschichte 1949-1977</subfield>
  </datafield>
  <datafield tag="689" ind1="0" ind2=" ">
   <subfield code="5">DE-101</subfield>
  </datafield>
  <datafield tag="689" ind1="1" ind2="0">
   <subfield code="d">p</subfield>
   <subfield code="0">(DE-588)118588842</subfield>
   <subfield code="0">(DE-627)267392141</subfield>
   <subfield code="0">(DE-576)209051973</subfield>
   <subfield code="a">Notke, Bernt</subfield>
   <subfield code="d">1440-1509</subfield>
   <subfield code="2">gnd</subfield>
  </datafield>
  <datafield tag="689" ind1="1" ind2="1">
   <subfield code="d">g</subfield>
   <subfield code="0">(DE-588)4215003-6</subfield>
   <subfield code="0">(DE-627)105060550</subfield>
   <subfield code="0">(DE-576)210223502</subfield>
   <subfield code="a">Dom Lübeck</subfield>
   <subfield code="g">Lübeck</subfield>
   <subfield code="2">gnd</subfield>
  </datafield>
  <datafield tag="689" ind1="1" ind2="2">
   <subfield code="d">s</subfield>
   <subfield code="0">(DE-588)4328523-5</subfield>
   <subfield code="0">(DE-627)131760807</subfield>
   <subfield code="0">(DE-576)211290114</subfield>
   <subfield code="a">Triumphkreuz</subfield>
   <subfield code="2">gnd</subfield>
  </datafield>
  <datafield tag="689" ind1="1" ind2="3">
   <subfield code="d">s</subfield>
   <subfield code="0">(DE-588)4049600-4</subfield>
   <subfield code="0">(DE-627)106186442</subfield>
   <subfield code="0">(DE-576)209082674</subfield>
   <subfield code="a">Restaurierung</subfield>
   <subfield code="2">gnd</subfield>
  </datafield>
  <datafield tag="689" ind1="1" ind2="4">
   <subfield code="a">z</subfield>
   <subfield code="2">gnd</subfield>
   <subfield code="a">Geschichte 1949-1977</subfield>
  </datafield>
  <datafield tag="689" ind1="1" ind2=" ">
   <subfield code="5">(DE-627)</subfield>
  </datafield>
  <datafield tag="710" ind1="2" ind2=" ">
   <subfield code="a">Deutscher Verlag für Kunstwissenschaft</subfield>
   <subfield code="g">Berlin, West</subfield>
   <subfield code="e">Verlag</subfield>
   <subfield code="0">(DE-588)806280-8</subfield>
   <subfield code="0">(DE-627)709225717</subfield>
   <subfield code="0">(DE-576)192796844</subfield>
   <subfield code="4">pbl</subfield>
  </datafield>
  <datafield tag="787" ind1="0" ind2="8">
   <subfield code="i">Rezensiert in</subfield>
   <subfield code="a">Pawlik, Anna, 1983 - </subfield>
   <subfield code="t">[Rezension von: Jan Friedrich Richter, Das Triumphkreuz im Dom zu Lübeck. Dokumentation einer Restaurierung]</subfield>
   <subfield code="d">2020</subfield>
   <subfield code="w">(DE-627)1783533269</subfield>
  </datafield>
  <datafield tag="856" ind1="4" ind2="2">
   <subfield code="u">https://swbplus.bsz-bw.de/bsz1045956155rez.htm</subfield>
   <subfield code="m">V:DE-576;B:DE-16</subfield>
   <subfield code="q">application/pdf</subfield>
   <subfield code="v">20200624153033</subfield>
   <subfield code="3">Rezension</subfield>
  </datafield>
  <datafield tag="856" ind1="4" ind2="2">
   <subfield code="u">https://d-nb.info/1173813926/04</subfield>
   <subfield code="m">B:DE-101</subfield>
   <subfield code="q">application/pdf</subfield>
   <subfield code="v">2020-12-02</subfield>
   <subfield code="x">Verlag</subfield>
   <subfield code="3">Inhaltsverzeichnis</subfield>
  </datafield>
  <datafield tag="936" ind1="r" ind2="v">
   <subfield code="a">LK 47092</subfield>
   <subfield code="b">Kirchen, Kathedralen</subfield>
   <subfield code="k">Kunstgeschichte</subfield>
   <subfield code="k">Kunst nach Ländern bzw. Kontinenten</subfield>
   <subfield code="k">Deutschland</subfield>
   <subfield code="k">Kunsttopografie Deutschlands</subfield>
   <subfield code="k">Orte Deutschlands</subfield>
   <subfield code="k">Orte L</subfield>
   <subfield code="k">Lübeck</subfield>
   <subfield code="k">Kirchen, Kathedralen</subfield>
   <subfield code="0">(DE-627)1271582341</subfield>
   <subfield code="0">(DE-625)rvk/97910:13313</subfield>
   <subfield code="0">(DE-576)201582341</subfield>
  </datafield>
  <datafield tag="936" ind1="b" ind2="k">
   <subfield code="a">21.52</subfield>
   <subfield code="j">Geschichte der Bildhauerei</subfield>
   <subfield code="0">(DE-627)106405829</subfield>
  </datafield>
  <datafield tag="936" ind1="b" ind2="k">
   <subfield code="a">20.15</subfield>
   <subfield code="j">Restaurierung</subfield>
   <subfield code="j">Konservierung</subfield>
   <subfield code="j">Fälschung</subfield>
   <subfield code="x">Kunstwissenschaften</subfield>
   <subfield code="0">(DE-627)106406310</subfield>
  </datafield>
  <datafield tag="936" ind1="b" ind2="k">
   <subfield code="a">21.87</subfield>
   <subfield code="j">Holzkunst</subfield>
   <subfield code="0">(DE-627)106415743</subfield>
  </datafield>
  <datafield tag="936" ind1="b" ind2="k">
   <subfield code="a">21.70</subfield>
   <subfield code="j">Geschichte der Sakralbaukunst</subfield>
   <subfield code="0">(DE-627)106421255</subfield>
  </datafield>
  <datafield tag="936" ind1="b" ind2="k">
   <subfield code="a">21.75</subfield>
   <subfield code="j">Denkmalpflege</subfield>
   <subfield code="j">Stadtbildpflege</subfield>
   <subfield code="0">(DE-627)106415735</subfield>
  </datafield>
  <datafield tag="951" ind1=" " ind2=" ">
   <subfield code="a">BO</subfield>
  </datafield>
  <datafield tag="990" ind1=" " ind2=" ">
   <subfield code="a">Notke, Bernt / Triumphkreuzgruppe</subfield>
  </datafield>
  <datafield tag="990" ind1=" " ind2=" ">
   <subfield code="a">Restaurierung</subfield>
  </datafield>
  <datafield tag="990" ind1=" " ind2=" ">
   <subfield code="a">Geschichte 1949-1977</subfield>
  </datafield>
  <datafield tag="990" ind1=" " ind2=" ">
   <subfield code="a">Notke, Bernt</subfield>
  </datafield>
  <datafield tag="990" ind1=" " ind2=" ">
   <subfield code="a">Dom Lübeck</subfield>
  </datafield>
  <datafield tag="990" ind1=" " ind2=" ">
   <subfield code="a">Triumphkreuz</subfield>
  </datafield>
  <datafield tag="990" ind1=" " ind2=" ">
   <subfield code="a">Restaurierung</subfield>
  </datafield>
  <datafield tag="990" ind1=" " ind2=" ">
   <subfield code="a">Geschichte 1949-1977</subfield>
  </datafield>
  <datafield tag="991" ind1=" " ind2=" ">
   <subfield code="a">Rezensiertes Werk</subfield>
  </datafield>
  <datafield tag="999" ind1=" " ind2=" ">
   <subfield code="a">KXP-PPN1045956155</subfield>
   <subfield code="e">403253117X</subfield>
  </datafield>
 </record>
</collection>
